000 00765nam a2200277 a 4500
003 AR-BaBNM
005 20251128203843.0
008 082120s2002 ||||||||||||||000 | spa||
040 _cAR-BaBNM
100 1 _aCoppola, Horacio
245 0 0 _aViejo Buenos Aires adiós
260 _aBuenos Aires
_bSociedad Central de Arquitectos
_c1980
300 _a100 p.
_bil.
650 4 _aARQUITECTURA
650 4 _aBARRIOS
650 4 _aMONUMENTOS HISTORICOS
650 4 _aBIENES CULTURALES
650 4 _aHISTORIA DE BUENOS AIRES
650 4 _aEDIFICIOS
650 4 _aLIBROS DE ARTE
651 4 _aBuenos Aires [Capital Federal]
700 1 _aGiacobbe, Juan Francisco
700 1 _aGarcía Vázquez, Francisco J.
_eprologuista
942 _cBK
998 _cMARTIN
999 _c5196
_d5196